The noble scholar, jurist, historian


 His Excellency Dr. Abdul Wahhab bin Ibrahim Abu Sulaiman, may Allah have mercy on him.


 He was born in Umm Al-Qura in the year 1356 AH.

سراج المهتدين في آداب الصالحين / (Record no. 4082)

MARC details
000 -LEADER
fixed length control field 01422nam a22002891i 4500
003 - CONTROL NUMBER IDENTIFIER
control field SA-RiAUC
005 - DATE AND TIME OF LATEST TRANSACTION
control field 20241230072327.0
008 - FIXED-LENGTH DATA ELEMENTS--GENERAL INFORMATION
fixed length control field 241229s2009 le g 000k0bara c
020 ## - INTERNATIONAL STANDARD BOOK NUMBER
International Standard Book Number 9789953817927
040 ## - CATALOGING SOURCE
Original cataloging agency SA-RiIMS
Language of cataloging ara
Transcribing agency SA-RiAUC
Description conventions rda
082 04 - DEWEY DECIMAL CLASSIFICATION NUMBER
Classification number 237.3
Assigning agency SA-RiAUC
090 ## - LOCALLY ASSIGNED LC-TYPE CALL NUMBER (OCLC); LOCAL CALL NUMBER (RLIN)
Classification number (OCLC) (R) ; Classification number, CALL (RLIN) (NR) 237.3
Local cutter number (OCLC) ; Book number/undivided call number, CALL (RLIN) ا ب و ب
100 1# - MAIN ENTRY--PERSONAL NAME
Personal name أبو بكر بن العربي، محمد بن عبد الله بن محمد،
Dates associated with a name 468-543 هجري
Relator term مؤلف.
245 10 - TITLE STATEMENT
Title سراج المهتدين في آداب الصالحين /
Statement of responsibility, etc. أبو بكر محمد بن عبد الله بن محمد ابن العربي المعافري الإشبيلي ؛ تحقيق محمد بن الأمين بوخبزة الحسني ؛ اعتنى به بدر العمراني الطنجي.
250 ## - EDITION STATEMENT
Edition statement الطبعة الأولى.
264 #1 - PRODUCTION, PUBLICATION, DISTRIBUTION, MANUFACTURE, AND COPYRIGHT NOTICE
Place of production, publication, distribution, manufacture بيروت :
Name of producer, publisher, distributor, manufacturer دار ابن حزم للطباعة والنشر والتوزيع،
Date of production, publication, distribution, manufacture, or copyright notice 2009
300 ## - PHYSICAL DESCRIPTION
Extent 226 صفحة ؛
Dimensions 24 سم
336 ## - CONTENT TYPE
Content type term نص
Content type code txt
Source rdacontent
Materials specified كتاب
337 ## - MEDIA TYPE
Media type term بدون وسيط
Media type code n
Source rdamedia
338 ## - CARRIER TYPE
Carrier type term مجلد
Carrier type code nc
Source rdacarrier
563 ## - BINDING INFORMATION
Binding note تجليد سلوفان.
650 #7 - SUBJECT ADDED ENTRY--TOPICAL TERM
Topical term or geographic name entry element الحديث
General subdivision جوامع الفنون
Source of heading or term aucsh
700 1# - ADDED ENTRY--PERSONAL NAME
Personal name الحسني، محمد بن الأمين بوخبزة،
Dates associated with a name 1932-2020
Relator term محقق.
700 1# - ADDED ENTRY--PERSONAL NAME
Personal name العمراني، بدر بن عبد الإله،
Dates associated with a name 1975-
Relator term مراجع.
942 ## - ADDED ENTRY ELEMENTS (KOHA)
Source of classification or shelving scheme Dewey Decimal Classification
Koha item type Books
Suppress in OPAC No
949 ## - LOCAL PROCESSING INFORMATION (OCLC)
a SA-JeALM
d 241229
u osman123
n 1
Holdings
Withdrawn status Lost status Source of classification or shelving scheme Damaged status Not for loan Home library Current library Date acquired Total checkouts Full call number Barcode Date last seen Price effective from Koha item type
    Dewey Decimal Classification     DR AbdElwahab Library DR AbdElwahab Library 12/30/2024   237.3 ا ب و ب 000006526 12/30/2024 12/30/2024 Books